Регионална библиотека "Любен Каравелов" - Русе

Municipality of Rousse (Запис номер 447123)

MARC детайли
000 -Лидер
Контролно поле с фиксирана дължина nam a22 a 4500
003 - Код на организацията, давaща контролен номер
Контролно поле BLK
005 - Дата и час на последна редакция
Контролно поле 20220304113221.0
008 - Елементи от данни с фиксирана дължина
fixed length control field 220302b bu |||||r|||| 00| | bu d
040 ## - Източник на каталожния запис
Идентификатор на билиотеката - собственик на записа BLK
041 ## - Код за език
Код за езика на текст/звукозапис или на отделно заглавие Английски
Код за езика КДБФ Английски
080 ## - УДК
Текстов определител УДК География на България
УДК код - определител по УДК 913(497.2)
УДК определител 913(497.215)(062)
УДК - код + определител 913(497.215)(062)
139 ## - Редно поле
Редна дума Municipality of Rousse
Авторски знак Mun - M 95
245 ## - Сведения за заглавието
Заглавие Municipality of Rousse
Физически носител (вид на носителя) [Малотир. изд.]
260 ## - Област на издателските данни
9 (RLIN) 441842
Място на издаване, разпространение и проч. Русе
Име на издателя, разпространителя и проч. б. и.
Година на издаване б. г.
300 ## - Физическа характеристика
Страници 9 с.
Илюстрации и др. с цв. ил.
Размери/Мащаб 30x15 см
380 ## - Жанр
Жанр География
651 #7 - Допълнително описание по предмет - топоним
9 (RLIN) 179462
Географско понятие Русе
653 #0 - Ключова дума – ненормативна
9 (RLIN) 425514
Ключова дума брошури
653 #7 - Ключова дума – ненормативна
9 (RLIN) 198779
Ключова дума туристическа информация
852 ## - Местоположение
Фондова буква Краезнание
Систематично-азбучна сигнатура К 91/M 95
999 ## - СИСТЕМНИ КОНТРОЛНИ НОМЕРА
Koha biblionumber 447123
Koha biblioitemnumber 447123
942 ## - АРТИКУЛИ
Вид на библиотечния материал Книги
Скрит в OPAC Не
Периодичен библиозапис Да
944 ## - СЪЗДАВАНЕ И РЕДАКЦИЯ на ЗАПИСА
Създаване/Редакция Създаване
Дата на регистрацията/редакция 2022-03-04
Служител, извършил регистрацията/редакцията К.Д.
Наличности
Код за отписване Код за изгубен артикул Източник на класификационната схема Код за повреда Коз за рестрикции Код за отдаване Артикулен № Име на библиотеката - собственик Име на библиотеката, в която се намира в момента Статус (Текущо местоположение) Дата на вписване в системата Местоположение - отдел Цена в лева Систематично азбучна сигнатура Баркод Цена в евро Служебен тип на артикула
  Не е изгубен Universal Decimal Classification Не е повреден само за читалня ползва се в читалня 875497 Регионална библиотека "Любен Каравелов" Русе Регионална библиотека "Любен Каравелов" Русе Краезнание 2022-03-15 Краезнание 2.00 К 91/М 45 120000868393 1.02 Книги
Vip Innovations Ltd, Rousse, Bulgaria 2025